Logo design that works

Bibliographic Details
Main Author: Silver, Lisa
Format: Book
Published: Rockport Publishers , 2001
Subjects:

MARC

LEADER 00000cam a2200000 7i4500
001 0000010163
005 20050419.0
020 |a 156496759x 
040 |a INS 
090 0 0 |a NC1002.L63   |b S56 2001 
100 1 |a Silver, Lisa 
245 1 0 |a Logo design that works   |c Lisa Silver 
260 |a Rockport Publishers ,   |c 2001 
300 |a 144p ;   |c 280x230mm. 
650 0 0 |a Graphic design 
999 |a 0000009433   |b BOOK   |c Open Shelf   |e Default branch